P. C. Joshi: (Record no. 30499)
[ view plain ]
| 000 -LEADER | |
|---|---|
| fixed length control field | 01006 a2200241 4500 |
| 005 - DATE AND TIME OF LATEST TRANSACTION | |
| control field | 20090424160828.0 |
| 008 - FIXED-LENGTH DATA ELEMENTS--GENERAL INFORMATION | |
| fixed length control field | 090424t xxu||||| |||| 00| 0 eng d |
| 010 ## - LCCN (DPL NO) | |
| LC control number | B-358522 |
| 020 ## - INTERNATIONAL STANDARD BOOK NUMBER | |
| International Standard Book Number | 9788123750521 |
| Terms of availability | 30.00 |
| 035 ## - SYSTEM CONTROL NUMBER | |
| System control number | B-358522 |
| 037 ## - SOURCE OF ACQUISITION | |
| Source of stock number/acquisition | Bharat Pustak Bhandar |
| 040 ## - CATALOGING SOURCE | |
| Original cataloging agency | dpl |
| Language of cataloging | English |
| 082 ## - DEWEY DECIMAL CLASSIFICATION NUMBER | |
| Classification number | 921 |
| 100 ## - MAIN ENTRY--PERSONAL NAME | |
| Personal name | Chakravartty, Gargi |
| 245 ## - TITLE STATEMENT | |
| Title | P. C. Joshi: |
| Statement of responsibility, etc | by Gargi Chakravartty |
| Remainder of title | a biography / |
| 260 ## - PUBLICATION, DISTRIBUTION, ETC. (IMPRINT) | |
| Place of publication, distribution, etc | New Delhi |
| Name of publisher, distributor, etc | National Book Trust |
| Date of publication, distribution, etc | 2007 |
| 270 ## - ADDRESS | |
| Address | A-5, Green Park, |
| City | New Delhi |
| Postal code | 110 0016 |
| 300 ## - PHYSICAL DESCRIPTION | |
| Extent | xi, 119 p.: |
| Other physical details | photos |
| Dimensions | 21 cm. (pbk) |
| 490 ## - SERIES STATEMENT | |
| Series statement | National Biography Series |
| 942 ## - ADDED ENTRY ELEMENTS (KOHA) | |
| Institution code [OBSOLETE] | dpl |
| Item type | English Books |
| Call number prefix | 921 / CHA |
| Source of classification or shelving scheme | Dewey Decimal Classification |
| Classification part | 921 |
| Call number suffix | JOS |
| Withdrawn status | Lost status | Source of classification or shelving scheme | Damaged status | Not for loan | Collection code | Home library | Current library | Date acquired | Source of acquisition | Cost, normal purchase price | Total Checkouts | Total Renewals | Full call number | Barcode | Date last seen | Copy number | Cost, replacement price | Koha item type |
|---|---|---|---|---|---|---|---|---|---|---|---|---|---|---|---|---|---|---|
| Dewey Decimal Classification | Non-fiction | Janak Puri | Janak Puri | 19/09/2009 | Bharat Pustak Bhandar/BPB63/09/14.9.09/99/4.9.09/16.9.09 | 30.00 | 2 | 1 | 921 JOS | B-358522 | 04/10/2024 | 1 | 30.00 | English Books |
